Deaths in Hamlet - Statistics

General Stats
  • This quiz has been taken 229 times
  • The average score is 9 of 10
Answer Stats
Hint Answer % Correct
Stabbed through a curtian while hiding Polonius
97%
Drowned Ophelia
95%
Drinks poison intended for someone else Gertrude
91%
Stabbed by someone elses poisoned-tipped sword Hamlet
91%
Poisoned, then stabbed to death Claudius
88%
Stabbed with his own poison-tipped sword Laertes
88%
Executed by the English (R name) Rosencrantz
83%
Executed by the English (G name) Guildenstern
82%
Possibly poisoned while sleeping Hamlet's father
82%
Alas, poor fellow never has his cause of death stated Yorick
58%
No matching quizzes found
Score Distribution
Percent of People with Each Score
Percentile by Number Answered
Your Score History
You have not taken this quiz